000 00170 a2200085 4500
041 _aspa
100 _aFavian Medina Sanchez
245 _aSecretos de confesion
942 _cBK
999 _c14681
_d14681